Alle Nationalitäten, die jemals für den SC Freiburg gespielt haben - Statistiken

Allgemein
  • Dieses Quiz wurde 21 mal gespielt
  • Das Durchschnittsergebnis liegt bei 46 aus 62
Antwortstatistiken
Hint Antwort % Korrekt
Europa Deutschland
100%
Europa Österreich
100%
Europa Schweiz
100%
Europa Spanien
100%
Europa Albanien
95%
Europa Belgien
95%
Europa Italien
95%
Europa Polen
95%
Europa Slowakei
95%
Ozeanien Australien
90%
Europa Finnland
90%
Europa Frankreich
90%
Europa Kroatien
90%
Europa Luxemburg
90%
Europa Niederlande
90%
Europa Norwegen
90%
Europa Portugal
90%
Europa Schweden
90%
Europa Slowenien
90%
Europa Tschechien
90%
Europa England
85%
Europa Griechenland
85%
Asien Japan
85%
Afrika Nigeria
85%
Europa Russland
85%
Asien Südkorea
85%
Nordamerika Vereinigte Staaten
85%
Europa Dänemark
80%
Asien Iran
80%
Europa Nordmazedonien
80%
Europa Schottland
80%
Europa Serbien
80%
Asien Türkei
80%
Südamerika Argentinien
75%
Europa Bosnien-Herzegowina
75%
Afrika Marokko
75%
Afrika Ghana
75%
Europa Irland
75%
Europa Kosovo
75%
Europa Rumänien
75%
Afrika Senegal
75%
Europa Ukraine
75%
Europa Ungarn
75%
Europa Belarus
70%
Asien Georgien
65%
Afrika Algerien
60%
Afrika DR Kongo
60%
Afrika Kamerun
60%
Afrika Tunesien
60%
Afrika Burkina Faso
55%
Nordamerika Costa Rica
55%
Afrika Kongo
55%
Europa Montenegro
55%
Südamerika Suriname
50%
Afrika Mali
45%
Afrika Kap Verde
40%
Afrika Togo
40%
Afrika Sierra Leone
35%
Asien Libanon
30%
Asien Palästina
15%
Nordamerika Guadeloupe
10%
Afrika Reunion
10%
Keine übereinstimmenden Quizze gefunden
Verteilung der Resultate
Anzahl Personen mit jedem Resultat
Perzentil nach korrekt beantworteten Fragen
Ihre Resultats-Entwicklung
Sie haben dieses Quiz noch nicht gespielt